00873nam a22002177a 4500999001700000003000900017008004100026040007100067082001500138100004200153245005400195260002500249300002600274505015100300650002100451650001900472650003200491942001600523945002100539952009500560  c20273d20273AR-CdUCM190516b           ||||| |||| 00| 0 spa d  aMUNICIPALIDAD PROVINCIAL DEL CUSCOcBIBLIOTECA MUNICIPAL DEL CUSCO  a100 /bB48  aBieberach Melgarejo, Carlos Francisco  aCompendio de filosofía y lógica práctica /   aLima :bDesa,c1983.  a160 paginas ;c21 cm.  aContenido: Origen de la filosofía -- Definición de filosofía -- La actitud filosófica -- La filosofía como teoría y como práctica...  aFilosofía9395  aLógica92358  aActitud filosófica942367  2ddccLIBROS  aAndyd2019-05-16  002ddc4070aSHbSHcCARTd2019-05-28g25.00o100 / B48pSH0000015494r2019-05-28yLIBROS